Tax treatment of financial instruments in the seacen countries

Bibliographic Details
Main Author: Junggun Oh
Format: Book
Published: Kuala Lumpur : The South East Asian Central Banks(SEACEN)Research and Trainning Centre , 1992
Subjects:

MARC

LEADER 00000cam a2200000 7i4500
001 0000001522
005 20050505.0
020 |a 9839553836 
040 |a INS 
090 0 0 |a HG5915.A785   |b O35 1992 
100 1 |a Junggun Oh 
245 1 0 |a Tax treatment of financial instruments in the seacen countries   |c Junggun Oh 
260 |a Kuala Lumpur :   |b The South East Asian Central Banks(SEACEN)Research and Trainning Centre ,   |c 1992 
300 |a 28p. ;   |c 23 cm. 
650 0 0 |a Taxation   |z South East Asia 
999 |a 0000004883   |b BOOK   |c Open Shelf   |e Default branch